000 00873cam a2200313 4500500
005 20260329004615.0
041 _afre
042 _adc
100 1 0 _aLacroix, Alexandre
_eauthor
245 0 0 _aFaudrait-il annuler la “cancel culture” ?
260 _c2020.
500 _a62
690 _aCancel Culture
690 _aCensure
690 _aDieudonné
690 _aÉtats-Unis
690 _aFrançois Noudelmann
690 _aGabriel Matzneff
690 _aGauche
690 _aJ. K. Rowling
690 _aLiberté
690 _aLiberté d’expression
690 _aMeToo
690 _aOffense
690 _aPublic
690 _aWoody Allen
786 0 _nPhilosophie magazine | 142 | 9 | 2020-09-01 | p. 16-17 | 1951-1787
856 4 1 _uhttps://shs.cairn.info/magazine-philosophie-magazine-2020-9-page-16?lang=fr&redirect-ssocas=7080
999 _c1835586
_d1835586